00684nam a2200205Ia 4500952015300000999001700153003000400170005001700174008004100191020001800232040000900250082002100259100002200280245003500302250001400337260005700351300000900408650001300417942004800430 00102ddc40708ECONOMICSaMESbMEScECO d2019-02-20g300.00l2m3o330.95404 AGR/Ip37621r2024-09-06 09:56:40s2024-08-27w2019-02-20yBKzGL4R1 c11275d11275OSt20191217112450.0190216s9999||||xx |||||||||||||| ||und|| a9788122434415 coclc a330.95404bAGR/I aAgrawal, A N9515 0aIndian Economy /c A N Agrawal a38th edn. bNew Age International Publishers,c2013.aNew Delhi: a817p aEcnomics cBK2ddch330.95404iAGR/Ik330.95404mAGR/I